Obálka Náhled e-knihy:
PDF
Pro půjčování e-knih musíte být přihlášeni.
Jak si půjčit online?

30 minut v kuchyni /

Cíl kuchařky je jasný: vařit rychlá, snadná, levná a přitom chutná jídla. Přípravou jídel z knihy nestrávíte v kuchyni déle než 30 minut.

Uloženo v:
Korporativní autor: 30 minut v kuchyni (autorský tým) (Autor)
Médium: E-kniha
Jazyk:Czech
Vydáno: [Praha] : [Verdon capite s.r.o.], [2022]
Témata:
Tagy:
Žádné tagy
LEADER 01943cam a2200433 i 4500
001 311750
003 CZ PrSKC
005 20260601215711.0
007 ta
008 221121t20222022xr a e f 000 0 cze d
015 |a cnb003461242 
020 |a 9788088387602  |q (vázáno) 
035 |a (OCoLC)1369539761 
040 |a KLG001  |b cze  |d BOA001  |d ABA001  |e rda 
072 7 |a 641  |x Kuchařství. Potraviny. Vařená jídla  |2 Konspekt 
080 |a 641.552  |2 MRF 
080 |a (083.12)  |2 MRF 
245 0 0 |a 30 minut v kuchyni /  |c autoři receptů - Tým 30 minut v kuchyni 
246 3 |a Třicet minut v kuchyni 
264 1 |a [Praha] :  |b [Verdon capite s.r.o.],  |c [2022] 
264 3 |a Tisk a vazba - Tisk Centrum s.r.o. 
264 4 |c ©2022 
300 |a 202 stran :  |b ilustrace (převážně barevné) ;  |c 25 cm 
336 |a text  |b txt  |2 rdacontent 
336 |a statický obraz  |b sti  |2 rdacontent 
337 |a bez média  |b n  |2 rdamedia 
338 |a svazek  |b nc  |2 rdacarrier 
500 |a Obálkový podnázev: rychle, jednoduše a bez nádobí, aneb, 95 chutných receptů pro všechny, kteří nemají čas vařit 
520 2 |a Cíl kuchařky je jasný: vařit rychlá, snadná, levná a přitom chutná jídla. Přípravou jídel z knihy nestrávíte v kuchyni déle než 30 minut. 
650 0 7 |a rychlá jídla  |7 ph436720  |2 czenas 
650 0 9 |a quick meals  |2 eczenas 
655 7 |a kuchařské recepty  |7 fd132687  |2 czenas 
655 9 |a cookbooks  |2 eczenas 
710 2 |a 30 minut v kuchyni (autorský tým)  |7 xx0279363  |4 aut 
900 |a ABA001  |b 19 
044 |a xr 
910 |a RBIT002 
998 |d 363768  |a https://core.palmknihy.cz/api/books/363768/cover?rl6hcn  |b https://core.palmknihy.cz/api/books/363768/cover/400?rl6hcn  |c https://core.palmknihy.cz/api/books/363768/cover/50?rl6hcn  |e 2027-11-11  |g 208  |i 9788088387602  |k https://core.palmknihy.cz/api/books/363768/preview.pdf  |l   |q 49  |r 1  |s https://www.palmknihy.cz/kniha/363768  |t ebook  |y 2022  |z 0 
999 |d 311748